Johor mengenang sumbangsihmu

Bibliographic Details
Corporate Author: Yayasan Warisan Johor
Other Authors: Abu Bakar A.Hamid, Kamdi Kamil, Md.Ismail Zamzam
Format: Book
Published: Johor : Yayasan Warisan Johor , 2006
Subjects:

MARC

LEADER 00000cam a2200000 7i4500
001 0000020289
005 20080626.0
008 080624
020 |a 983244019X 
090 0 0 |a 959.51199   |b JOH 
245 1 0 |a Johor mengenang sumbangsihmu   |c editor by Abu Bakar A.Hamid ...[et al.] 
260 |a Johor :   |b Yayasan Warisan Johor ,   |c 2006 
650 0 |a Artist   |z Johor   |x biography 
650 0 |a Educators   |z Johor   |x biography 
650 0 |a Johor   |x history 
650 0 |a Politicians   |z Johor   |x biography 
700 1 |a Abu Bakar A.Hamid 
700 1 |a Kamdi Kamil 
700 1 |a Md.Ismail Zamzam 
710 1 |a Yayasan Warisan Johor 
999 |a 0001027003   |b Book   |c REFERENCE   |e Perbadanan Perpustakaan Awam Johor 
999 |a 0001027004   |b Book   |c REFERENCE   |e Perbadanan Perpustakaan Awam Johor